000 00300nam a22001337a 4500
008 180308b xxu||||| |||| 00| 0 eng d
020 _a9780072976359
041 _aeng
080 _a330.322
100 _a53
101 _aINV
245 _aFUNDAMENTALS INVESTMENTS
_cJORDAN.CH.J
942 _2udc
_cBK
999 _c44462
_d44462